Levantamiento de dos galeras de la escuadra de Yussuf Bey, piloto real del Gran Turco, con muerte de 340 turcos y liberación de 430 cristianos (Record no. 128067)
[ view plain ]
| 000 -LEADER | |
|---|---|
| campo de control de longitud fija | 00977nam a2200217 i 4500 |
| 001 - NÚMERO DE CONTROL | |
| campo de control | 128067 |
| 003 - IDENTIFICADOR DE NÚMERO DE CONTROL | |
| campo de control | ES-MaACL |
| 005 - FECHA Y HORA DE LA ÚLTIMA TRANSACCIÓN | |
| campo de control | 20230906193143.0 |
| 007 - CAMPO FIJO DE DESCRIPCIÓN FÍSICA--INFORMACIÓN GENERAL | |
| campo de control de longitud fija | t| |
| 008 - DATOS DE LONGITUD FIJA--INFORMACIÓN GENERAL | |
| campo de control de longitud fija | 070214s1960 sp r ||||1| spa d |
| 100 1# - ENTRADA PRINCIPAL--NOMBRE DE PERSONA | |
| Nombre de persona | Brun, Jerónimo. |
| 9 (RLIN) | 32141 |
| 245 10 - MENCIÓN DEL TÍTULO | |
| Título | Levantamiento de dos galeras de la escuadra de Yussuf Bey, piloto real del Gran Turco, con muerte de 340 turcos y liberación de 430 cristianos |
| Resto del título | : año de MDXC / |
| Mención de responsabilidad, etc. | reimpresión del original redactado por G. Brun ; versión al inglés de C. V. Malfatti. |
| 260 ## - PUBLICACIÓN, DISTRIBUCIÓN, ETC. | |
| Lugar de publicación, distribución, etc. | Barcelona : |
| Nombre del editor, distribuidor, etc. | [s. n.], |
| Fecha de publicación, distribución, etc. | 1960 ( |
| Fabricante | Sociedad Alianza de Artes Gráficas) |
| 300 ## - DESCRIPCIÓN FÍSICA | |
| Extensión | 22 p. : |
| Otras características físicas | il. ; |
| Dimensiones | 26 cm. |
| 534 ## - NOTA SOBRE LA VERSIÓN ORIGINAL | |
| Frase introductoria | Reimp. de la ed. de: |
| Publicación, distribución, etc. del original | En Çaragoça : Lorenzo de Robles, 1590. |
| 594 ## - Nota al título y mención de responsabilidad | |
| Nota al título y mención de responsabilidad | Incluye versión al inglés de C.V. Malfatti. Transcripción de documentos contemporáneos. |
| 650 #4 - PUNTO DE ACCESO ADICIONAL DE MATERIA--TÉRMINO DE MATERIA | |
| Término de materia o nombre geográfico como elemento de entrada | Piratas- |
| Subdivisión geográfica | Mediterráneo (Región) |
| 9 (RLIN) | 219447 |
| 700 1# - ENTRADA AGREGADA--NOMBRE PERSONAL | |
| Nombre de persona | Malfatti, Cesare. |
| 9 (RLIN) | 75761 |
| 852 4# - LOCALIZACIÓN | |
| Ubicación | ES-MaACL |
| Número de control de estantería | C-18917 |
| Estatus retirado | Estado de pérdida | Estado de daño | No para préstamo | Biblioteca de origen | Biblioteca actual | Ubicación en estantería | Fecha de adquisición | Fuente de adquisición | Total de préstamos | Signatura topográfica completa | Código de barras | Visto por última vez | Precio de reemplazo | Tipo de ítem Koha |
|---|---|---|---|---|---|---|---|---|---|---|---|---|---|---|
| Biblioteca del Ateneo de Madrid | Biblioteca del Ateneo de Madrid | Galería | 17/01/2008 | C-18917 | 1133385 | 23/02/2023 | 23/02/2023 | Libro impreso |
